| 000 -LEADER |
| fixed length control field |
00863 a2200241 4500 |
| 003 - CONTROL NUMBER IDENTIFIER |
| control field |
Nust |
| 005 - DATE AND TIME OF LATEST TRANSACTION |
| control field |
20170207154050.0 |
| 010 ## - LIBRARY OF CONGRESS CONTROL NUMBER |
| LC control number |
2004016088 |
| 020 ## - INTERNATIONAL STANDARD BOOK NUMBER |
| International Standard Book Number |
0838935486 |
| 040 ## - CATALOGING SOURCE |
| Transcribing agency |
Nust |
| 082 00 - DEWEY DECIMAL CLASSIFICATION NUMBER |
| Classification number |
025.3/2 |
| 100 1# - MAIN ENTRY--PERSONAL NAME |
| Personal name |
Gorman, Michael, |
| 245 14 - TITLE STATEMENT |
| Title |
The concise AACR2(E-BOOK) |
| Statement of responsibility, etc. |
prepared by Michael Gorman. |
| 246 3# - VARYING FORM OF TITLE |
| Title proper/short title |
Concise Anglo-American cataloguing rules, 2004 revision |
| 250 ## - EDITION STATEMENT |
| Edition statement |
4th ed. |
| 260 ## - PUBLICATION, DISTRIBUTION, ETC. |
| Place of publication, distribution, etc. |
Chicago : |
| Name of publisher, distributor, etc. |
American Library Association ; |
| Place of publication, distribution, etc. |
Ottawa : |
| Name of publisher, distributor, etc. |
Canadian Library Association ; |
| Place of publication, distribution, etc. |
London : |
| Name of publisher, distributor, etc. |
Chartered Institute of Library and Information Professionals, |
| Date of publication, distribution, etc. |
2004. |
| 300 ## - PHYSICAL DESCRIPTION |
| Extent |
xvii, 179 p. ; |
| Dimensions |
23 cm. |
| 500 ## - GENERAL NOTE |
| General note |
"Based on AACR2, 2002 revision, 2004 update." |
| 500 ## - GENERAL NOTE |
| General note |
Includes index. |
| 650 #0 - SUBJECT ADDED ENTRY--TOPICAL TERM |
| Topical term or geographic name entry element |
Descriptive cataloging |
| 651 ## - SUBJECT ADDED ENTRY--GEOGRAPHIC NAME |
| Geographic name |
E-BOOK |
| 856 41 - ELECTRONIC LOCATION AND ACCESS |
| Materials specified |
Table of contents |
| Uniform Resource Identifier |
<a href="http://www.loc.gov/catdir/toc/ecip0420/2004016088.html">http://www.loc.gov/catdir/toc/ecip0420/2004016088.html</a> |
| 942 ## - ADDED ENTRY ELEMENTS (KOHA) |
| Source of classification or shelving scheme |
|
| Koha item type |
Book |